Odštartoval týždeň košických knižníc

Podrobná bibliografia
Hlavný autor: zen (Author)
Médium: Článok
Jazyk:Slovak
Témy:
Zdroj: 1. Košický denník 1. Roč. 2, č. 72(2000), dát. 0327, s. 9
LEADER 00761nab#a2200289#ar4500
001 000034713
003 SVKKK
005 00000000000000.0
008 c xo e sloo
FMT
038 |a SVKKK 
040 |a SVKKK  |b slo  |e AACR2 
041 0 |a slo 
044 |a xo  |c SK 
080 |a 027.5  |2 1981 
100 0 |a zen  |4 aut 
245 1 0 |a Odštartoval týždeň košických knižníc  |c zen , 
650 0 4 |a Týždeň slovenských knižníc (názov podujatia)  |z Verejná knižnica Jána Bocatia, Košice 
650 0 4 |a podujatia  |x informácie 
773 0 |t Košický denník  |g Roč. 2, č. 72(2000), dát. 0327, s. 9 
957 |a Košice 
958 |a KE 
974 |d 000919  |a SAB 
992 |a RBX 
BAS
852 |a SVKKK  |b BIB 
998 |a REG